000 00478nam a2200181Ia 4500
005 20250326124916.0
008 250326s9999 xx 000 0 und d
037 _aTextbook
040 _aFMSL
_beng
_cFMSL
041 _aeng
_2eng
084 _aX:8F K65
_qFMSL
100 _aAnthony R N
245 0 _aEssentials of accounting
_cAnthony R N
260 _aUSA
_bUSA, Addison-Wesley
_c1966
300 _a100p
942 _cTB
_hX:8F K65
999 _c1275731
_d1275731